| 000 | 02487 a2200241 4500 | ||
|---|---|---|---|
| 001 | 28960 | ||
| 005 | 20260407155558.0 | ||
| 008 | 260407a1973 arg spa d | ||
| 003 | AR-UNSa-BCEJYS | ||
| 040 |
_aAR-UNSa-BCEJYS _bspa _cAR-UNSa-BCEJYS |
||
| 080 |
_a657 _xContabilidad |
||
| 245 | 1 | 0 | _aIntroducción a la contabilidad |
| 264 | 1 |
_aMéxico : _bMcGraw-Hill _c1973 |
|
| 300 |
_a759 p. _c24 cm. |
||
| 505 | _aParte I: El ambiente de la contabilidad: 1. Contabilidad: el lenguaje de los negocios -- Parte II: La recolección y tabulación de los datos: 2. Transacciones contables y la ecuación básica - 3. Análisis de las transacciones y de las cuentas - 4. Los libros auxiliares y el ciclo contable - 5. Libros auxiliares del mayor, cuentas de control y transacciones a crédito - 6. La contabilización de instrumentos de crédito - 7. La contabilización de las transacciones en efectivo - 8. Sistematización y automatización del proceso contable -- Parte III: La comparación y modificación de la información contable: 9. La contabilización de acumulados y diferidos - 10. La contabilización de inventarios - 11. La contabilización de activos duraderos - 12. La contabilización de obligaciones corrientes - 13. La contabilización de las obligaciones a largo plazo -- Parte IV: Contabilidad de sociedades y corporaciones: 14. Sociedades - 15. Corporaciones: naturaleza y terminología - 16. Corporaciones: transacciones del capital propio aportado - 17. Corporaciones: transacciones de las ganancias no distribuidas -- Parte V: Contabilización de los impuestos nacionales a la renta o utilidades: 18. Impuestos nacionales a la renta o utilidades -- Parte VI: Difusión e interpretación de los datos contables: 19. Estados financieros básicos - 20. Estados financieros especiales - 21. Herramientas básicas del análisis de los estados financieros - 22. Herramientas especiales del análisis financiero - Parte VII: La planeación y el control de las operaciones de fabricación: 23. La contabilidad de las operaciones de fabricación - 24. Sistemas básicos de costos - 25. Presupuesto y costo estandar -- Parte VIII: Matemáticas para la contabilidad: 26. Técnicas matemáticas esenciales para el proceso contable | ||
| 942 | _cBK | ||
| 590 | _aniveau_biblio:m niveau_hierar:0 | ||
| 100 | 1 | _aPerry, Kennet W. | |
| 700 | 1 | _aOrtiz Pulecio, Mario | |
| 700 | 1 | _aLoaiza Gallon, Hernando | |
| 700 | 1 | _aMolina Lozano, Jairo | |
| 700 | 1 | _aGarcia Madariaga, Ricardo | |
| 999 |
_c1763 _d1763 |
||